000 00546nam a2200193Ia 4500
005 20251020182559.0
008 200515s9999 xx 000 0 und d
082 _aSC/331.822.828(85)/M62
110 _aMinisterio de Transportes comunicaciones Vivienda y Construcción
245 0 _aSeguridad durante la construcción : Norma Técnica de Edificación E. 120
260 _aLima
260 _c2001
300 _a31
650 _aE-120
650 _aNORMAS TECNICAS
650 _aPUB SENCICO
650 _aSEGURIDAD E HIGIENE
942 _cLIB
999 _c2999
_d2999